Artículos de costumbres /

En este libro se observa al cronista agudo, humorístico y despiadado de la vida social y de los bastidores políticos de la transición colonial hacia la República. El blanco de sus dardos fueron los burócratas, los chismosos, los provincianos arribistas, los comerciantes sin escrúpulos. Al mismo tiem...

Full description

Bibliographic Details
Main Author: Jotabeche 1811-1858
Format: Libro
Language:Spanish
Published: Santiago, Chile LOM 2001
Series:Colección Clásicos del siglo XIX y XX
Subjects:
Online Access:

MARC

LEADER 00000cam a2200000 a 4500
001 017101
003 UAHC_CL
005 20170803121442.0
008 150107s2001 cl 000 spa
020 |a 9789562823678 
040 |a UAHC_CL  |c UAHC_CL  |d UAHC_CL 
082 0 4 |a 390.0983  |b J85  |2 21 
100 1 |a Jotabeche  |d 1811-1858 
245 1 0 |a Artículos de costumbres /  |c José Joaquín Vallejo (Jotabeche); prólogo de Luis Sánchez Latorre. 
260 |b LOM  |a Santiago, Chile  |c 2001 
300 |a 173 p. 
490 0 |a Colección Clásicos del siglo XIX y XX 
520 |a En este libro se observa al cronista agudo, humorístico y despiadado de la vida social y de los bastidores políticos de la transición colonial hacia la República. El blanco de sus dardos fueron los burócratas, los chismosos, los provincianos arribistas, los comerciantes sin escrúpulos. Al mismo tiempo la ciudad de Copiapó y sus faenas mineras, la visión de Santiago y el Valparaíso de su tiempo, las fiestas religiosas, el teatro, los carnavales, las tertulias familiares. 
521 |a NT: Crónica de Autor en Chile 
651 4 |a CHILE  |x VIDA SOCIAL Y COSTUMBRES 
653 |a SOCIOLOGIA 
900 |a 390.0983 JOT 
942 |c BK 
952 |0 0  |1 0  |4 0  |6 390_098300000000000_JOT  |7 0  |8 General  |9 33953  |a BC  |b BC  |c General  |d 2017-08-03  |l 0  |o 390.0983 JOT  |p 1421613  |r 2026-01-13 00:00:00  |t 1  |w 2017-08-03  |y BK 
999 |c 17101  |d 17101